| 000 | 01040nam a2200277 i 4500 | ||
|---|---|---|---|
| 003 | DO-SdBNP | ||
| 005 | 20250303131229.0 | ||
| 007 | ta | ||
| 008 | 250303b2005 dr ||||| |||| 00| 0 spa d | ||
| 020 | _a9945415042 | ||
| 040 |
_aDO-SdBNP _bspa _cBNPHU _erda |
||
| 082 | 4 |
_axxx _bB142n _222 |
|
| 100 |
_aBáez, Clara, _eautor _4aut. _99467 |
||
| 245 | 1 | 0 |
_aNuevas formas de gestión de políticas sociales y estrategias de desarrollo / _cClara Báez, América Bastidas, Ramón Pérez Minaya |
| 264 | 4 |
_aSanto Domingo : _bPontificia Universidad Católica Madre y Maestra _bFundación Friedrich Ebert, _c©2005. |
|
| 300 |
_a135 páginas ; _c21 cm. |
||
| 336 |
_atexto _btxt _2rdacontent |
||
| 337 |
_asin mediación _bn _2rdamedia |
||
| 338 |
_avolumen _bnc _2rdacarrier |
||
| 500 | _aIncluye referencias bibliográficas y notas al pie de las páginas | ||
| 590 | _aInventariado, 2025/BT | ||
| 700 | 1 |
_aBastidas, América, _eautor _4aut. _987097 |
|
| 700 | 1 |
_aPérez Minaya, Ramón, _eautor _4aut. _99437 |
|
| 910 | _aBtavárez | ||
| 942 |
_2ddc _cLBS1 |
||
| 999 |
_c58274 _d58274 |
||